000
00318nam a2200109Ia 4500
008
200302s9999 xx 000 0 und d
100
_a
Walter D. Glanze & Others
245
_a
Art of the 20th Century A Year by year Chronecle of Painting Architecture
260
_b
Chene - Hachette
260
_c
1988
300
_a
1005 P.,
999
_c
1634
_d
1634